00262cam a2200085u 45001000047000002450050000472600026000973000032001236500021001551 aBurkin, Alfred Richard. [from old catalog]14aThe chemistry of hydrometallurgical processes aLondon,bSpon,c1966. axv, 157 p.btables, diagrs. 0aHydrometallurgy.